000 00573nam a22001817a 4500
003 UA-OsUOA
001 8045
007 ta
008 20040726b un ||||| |||| 00| 0 ukr d
100 _aКостін М.
942 _cSA
040 _aUA-OsUOA
_cUA-OsUOA
_dUA-OsUOA
245 _aЩодо реалізації принципу з'ясування істини у кримінальному судочинстві
300 _aС.48-50
955 _a0
773 0 _w0
_tПраво України
_dКиїв
_d2004
_gN7
650 7 _aКримінальне право
_2UDC
999 _c294206
_d294206